Els valors dels joves avui : Una nova reflexió des de la ciutat de Sabadell Una nova reflexió des de la ciutat de Sabadell
ISBN:
84-7794-779-1
Descripción Física:
250 p. ; 21 cm
Colección:
Materials de Joventut. Nova etapa ; 15
MARC
| LEADER | 00000nam a2200000Ia 4500 | ||
|---|---|---|---|
| 001 | 13170 | ||
| 008 | 160829s9999 xx 000 0 cat d | ||
| 020 | |a 84-7794-779-1 | ||
| 080 | |a S-1-174 | ||
| 245 | |a Els valors dels joves avui : |b Una nova reflexió des de la ciutat de Sabadell | ||
| 260 | |a Barcelona : |b Diputació de Barcelona. Oficina del Pla Jove, Cop. 2001 | ||
| 300 | |a 250 p. ; |c 21 cm | ||
| 490 | |a Materials de Joventut. Nova etapa ; 15 | ||
| 590 | |a Recull de les conferències realitzades a la segona edició del programa ' Sabadell : Ciutat Laboratori de Valors ' | ||
| 650 | |a Joves |x Sabadell |9 37468 | ||
| 650 | 0 | |a Valors socials |9 37469 | |
| 710 | 1 | |a Barcelona (Catalunya : Província). |b Oficina del Pla Jove |9 52707 | |
| 901 | |a Arxiu | ||
| 942 | |n 1 | ||
| 952 | |0 0 |1 0 |4 0 |6 S1174 |7 1 |9 47886 |a Arxiu |b Arxiu |d 2016-12-01 |l 0 |o S-1-174 |p 13170 |r 2016-12-01 00:00:00 |w 2016-12-01 |y ARXIU | ||
| 999 | |c 51686 |d 51686 | ||